Catálogo público

SENASICA : (Record no. 218584)

MARC details
000 -CABECERA
campo de control de longitud fija 02334nam a2200445 a 4500
003 - IDENTIFICADOR DEL NÚMERO DE CONTROL
campo de control CHAP
005 - FECHA Y HORA DE LA ÚLTIMA TRANSACCIÓN
campo de control 20250128184438.0
007 - CAMPO FIJO DE DESCRIPCIÓN FÍSICA--INFORMACIÓN GENERAL
campo de control de longitud fija ta
008 - DATOS DE LONGITUD FIJA--INFORMACIÓN GENERAL
campo de control de longitud fija 190523s2018 mx abdofr| ||1|||spa d
020 ## - NÚMERO INTERNACIONAL ESTÁNDAR DEL LIBRO
Número Internacional Estándar del Libro 978-607-533-005-1
040 ## - FUENTE DE LA CATALOGACIÓN
Centro catalogador/agencia de origen mxchpua
Centro/agencia transcriptor CHAP
050 10 - SIGNATURA TOPOGRÁFICA DE LA BIBLIOTECA DEL CONGRESO
Número de clasificación C S451.7
Número de documento/Ítem .S46 2018
082 00 - NÚMERO DE LA CLASIFICACIÓN DECIMAL DEWEY
Número de clasificación C 630.972
Número de documento/Ítem S46 2018
Número de edición 20
110 1# - ENTRADA PRINCIPAL--NOMBRE DE ENTIDAD CORPORATIVA
9 (RLIN) 125420
Nombre de entidad corporativa o nombre de jurisdicción como elemento de entrada Servicio Nacional de Sanidad, Inocuidad y Calidad Agroalimentaria
245 10 - MENCIÓN DE TÍTULO
Título SENASICA :
Resto del título más de una década de evolución 2007-2018 /
Mención de responsabilidad, etc. Servicio Nacional de Sanidad, Inocuidad y Calidad Agroalimentaria
250 ## - MENCIÓN DE EDICIÓN
Mención de edición 1a edición
264 ## - PRODUCCIÓN, PUBLICACIÓN, DISTRIBUCIÓN, FABRICACIÓN Y COPYRIGHT
Producción, publicación, distribución, fabricación y copyright México :
Nombre del de productor, editor, distribuidor, fabricante SAGARPA . Servicio Nacional de Sanidad, Inocuidad y Calidad Agroalimentaria
Fecha de producción, publicación, distribución, fabricación o copyright 2018
300 ## - DESCRIPCIÓN FÍSICA
Extensión 205 páginas :
Otras características físicas ilustraciones, gráficas y fotos
336 ## - TIPO DE CONTENIDO
Fuente rdacontent
Término de tipo de contenido texto
Código de tipo de contenido txt
337 ## - TIPO DE MEDIO
Fuente rdamedia
Nombre/término del tipo de medio sinmedia
Código del tipo de medio n
338 ## - TIPO DE SOPORTE
Fuente rdacarrier
Nombre/término del tipo de soporte volumen
Código del tipo de soporte nc
505 2# - NOTA DE CONTENIDO CON FORMATO
Nota de contenido con formato SENASICA 2007-2018: más de una década de evolución --<br/>En el principio fue la sanidad --<br/>Evolución de la infraestructura sanitaria en México --<br/>Evolución de las capacidades del SENASICA y actores de la cadena alimentaria --<br/>Evolución de los procedimientos del SENASICA --<br/>Evolución de los actos de gobierno del SENASICA --<br/>Evolución de la relevancia social, institucional y comercial del SENASICA --<br/>Evolución de la cultura sanitaria en México --<br/>Prospectiva
650 13 - PUNTO DE ACCESO ADICIONAL DE MATERIA--TÉRMINO DE MATERIA
Término de materia o nombre geográfico como elemento de entrada Inocuidad alimentaria
Subdivisión geográfica México
9 (RLIN) 58836
650 13 - PUNTO DE ACCESO ADICIONAL DE MATERIA--TÉRMINO DE MATERIA
Término de materia o nombre geográfico como elemento de entrada ARPCC
Subdivisión geográfica México
9 (RLIN) 155065
650 13 - PUNTO DE ACCESO ADICIONAL DE MATERIA--TÉRMINO DE MATERIA
Término de materia o nombre geográfico como elemento de entrada Inspección de los alimentos
Subdivisión geográfica México
9 (RLIN) 154833
650 13 - PUNTO DE ACCESO ADICIONAL DE MATERIA--TÉRMINO DE MATERIA
Término de materia o nombre geográfico como elemento de entrada Evaluación sensorial de los alimentos
Subdivisión geográfica México
9 (RLIN) 147007
650 13 - PUNTO DE ACCESO ADICIONAL DE MATERIA--TÉRMINO DE MATERIA
Término de materia o nombre geográfico como elemento de entrada Food safety
Subdivisión general Mexico
9 (RLIN) 148388
650 13 - PUNTO DE ACCESO ADICIONAL DE MATERIA--TÉRMINO DE MATERIA
Término de materia o nombre geográfico como elemento de entrada HACCP
Subdivisión geográfica Mexico
9 (RLIN) 142969
650 13 - PUNTO DE ACCESO ADICIONAL DE MATERIA--TÉRMINO DE MATERIA
Término de materia o nombre geográfico como elemento de entrada Food inspection
Subdivisión geográfica Mexico
9 (RLIN) 154832
650 13 - PUNTO DE ACCESO ADICIONAL DE MATERIA--TÉRMINO DE MATERIA
Término de materia o nombre geográfico como elemento de entrada Sensory evaluation
Subdivisión geográfica Mexico
9 (RLIN) 147012
650 10 - PUNTO DE ACCESO ADICIONAL DE MATERIA--TÉRMINO DE MATERIA
Término de materia o nombre geográfico como elemento de entrada Inocuidad alimentaria
9 (RLIN) 162256
Subdivisión general Normas
650 10 - PUNTO DE ACCESO ADICIONAL DE MATERIA--TÉRMINO DE MATERIA
Término de materia o nombre geográfico como elemento de entrada Alimentos
Subdivisión general Análisis
9 (RLIN) 139421
651 13 - PUNTO DE ACCESO ADICIONAL DE MATERIA--NOMBRE GEOGRÁFICO
9 (RLIN) 186547
Nombre geográfico México
Subdivisión general Inocuidad alimentaria
651 13 - PUNTO DE ACCESO ADICIONAL DE MATERIA--NOMBRE GEOGRÁFICO
9 (RLIN) 186547
Nombre geográfico México
Subdivisión general Food safety
710 0# - PUNTO DE ACCESO ADICIONAL--NOMBRE DE ENTIDAD CORPORATIVA
Nombre de entidad corporativa o nombre de jurisdicción como elemento de entrada México. Secretaría de Agricultura, Ganadería, Desarrollo Rural, Pesca y Alimentación
9 (RLIN) 77148
Unidad subordinada Servicio Nacional de Sanidad, Inocuidad y Calidad Agroalimentaria (SENASICA)
942 ## - ELEMENTOS DE PUNTO DE ACCESO ADICIONAL (KOHA)
Fuente del sistema de clasificación o colocación Dewey Decimal Classification
942 ## - ELEMENTOS DE PUNTO DE ACCESO ADICIONAL (KOHA)
Tipo de ítem Koha Libro
260 ## - PUBLICACIÓN, DISTRIBUCIÓN, ETC.
Lugar de publicación, distribución, etc. Ciudad de México :
Nombre del editor, distribuidor, etc. Servicio de Información Agroalimentaria y Pesquera,
Fecha de publicación, distribución, etc. 2018.
901 ## - ELEMENTOS DE DATOS A LOCAL LDA (RLIN)
a 630.972 P36 2019
Holdings
Estado de retiro Estado de pérdida Fuente del sistema de clasificación o colocación Estado dañado Restricciones de uso No para préstamo Código de colección Localización permanente Ubicación/localización actual Fecha de adquisición Fuente de adquisición Número de inventario Total de préstamos Signatura topográfica completa Código de barras Fecha visto por última vez Número de copia Precio válido a partir de Tipo de ítem Koha Ubicación en estantería
    Dewey Decimal Classification   Préstamo interno   Consulta Biblioteca Central Biblioteca Central 16/01/2024       664.07 S47 2007-2018 33724002582164 16/01/2024   16/01/2024 Libro Planta alta - Coleción Consulta
    Dewey Decimal Classification   Préstamo interno   Consulta Ingenieria Agroindustrial Ingenieria Agroindustrial 20/02/2019 Donación Donación   C 630.972 S46 2018 1103014565 28/03/2023 Ej. 1 28/03/2023 Libro